000 00459nam a2200157 4500
999 _c4884
_d4884
008 200908b ||||| |||| 00| 0 eng d
020 _a0-13-942508-X
041 0 _aeng
082 0 0 _a707
_bY681
100 _93927
_aYoung, Frank M.
245 1 0 _aVisual studies:a foundation for artists and designers /
_cby Frank M. Young
260 _aNew Jersey:
_bPrentice-Hall,
_c1985.
300 _axiii, 191 p.
650 0 _aPhotography
942 _2ddc
_cBK